Spell the Marvel Hero #91 - Statistics

General Stats
  • This quiz has been taken 24 times
  • The average score is 7 of 9
Answer Stats
Picture Answer % Correct
Doctor Strange
100%
Old Man Logan
90%
Agent Venom
85%
Human Torch (Jim Hammond)
80%
Echo
70%
Luke Cage
70%
Kitty Pryde
65%
Deathlok
55%
Thunderstrike
45%
No matching quizzes found
Score Distribution
Percent of People with Each Score
Percentile by Number Answered
Your Score History
You have not taken this quiz